Cities Ending in Vowels - USA - Statistics

General Stats
  • This quiz has been taken 242 times
  • The average score is 14 of 16
Answer Stats
Hint Answer % Correct
City where the Golden Gate Bridge can be found San Francisco
98%
Beach city in the south of Florida Miami
97%
The third largest city in the U.S Chicago
93%
Georgian city that is where Coca-Cola was founded Atlanta
92%
The "City of trees" is also California's capital city Sacramento
92%
The largest city in Alaska Anchorage
91%
Washington city that produced Nirvana and the grunge scene Seattle
91%
Capital city found on the island of Oahu’s south shore Honolulu
89%
Where the Liberty Bell, Independence Hall and Rocky statues are found Philadelphia
86%
Large Texan city known for the Alamo, Spurs and The River walk San Antonio
86%
Third largest Floridian city, found on the west coast Tampa
85%
Largest city in New Mexico is one of the highest cities in the U.S Albuquerque
82%
City in Ohio, home to the oldest baseball team Cincinnati
81%
Major city in Maryland with a long history as an important seaport Baltimore
80%
The most populous city proper in the state of Florida Jacksonville
80%
Wisconsin's largest city Milwaukee
76%
No matching quizzes found
Score Distribution
Percent of People with Each Score
Percentile by Number Answered
Your Score History
You have not taken this quiz